[Event "EU-ch 12th"]
[Site "Aix les Bains"]
[Date "2011.04.01"]
[Round "10"]
[White "Sokolov, Ivan"]
[Black "Stefansson, Hannes"]
[Result "1-0"]
[WhiteElo "2643"]
[BlackElo "2557"]
[Annotator "Botvinnik,M/Primel,D"]
[PlyCount "91"]
[EventDate "2011.03.22"]
[EventType "swiss"]
[EventRounds "11"]
[EventCountry "FRA"]
[SourceTitle "CBM 142 Extra"]
[Source "ChessBase"]
[SourceDate "2011.06.27"]
[SourceVersion "1"]
[SourceVersionDate "2011.06.27"]
[SourceQuality "1"]
[TimeControl "40/5400+30:1800+30"]

1. d4 d5 2. c4 c6 3. Nf3 Nf6 4. Nc3 e6 5. g3 {Retombe d'une Semi-Slave vers
une Catalane mais en perdant l'option de jouer Nbd2} (5. e3) (5. Bg5) 5... dxc4
{la ligne critique lorsque les Blancs ont joué Nc3} (5... Nbd7 {La grande ligne
} 6. Bg2 Be7 (6... Bd6 7. O-O O-O 8. Nd2 {[%cal Ge2e4,Gd2c4]} Re8 9. e4 dxe4
10. Ndxe4 Nxe4 11. Nxe4 Be7 12. Bf4 Nf6 13. c5 $1 {[%csl Rc8];Ivanisevic,I 
(2602)-Ascic,P (2387) Zupanja op-A 13th 2007 (5) 1-0}) 7. O-O O-O 8. b3 b6 (
8... Qa5 $6 9. Qd3 $14 {[%cal Ge2e4];Primel,D (2149)-Yacob,F (2195)
Championnat de Paris 2002 (6) 1/2}) 9. Bb2 Bb7 (9... Ba6 10. Nd2 {[%cal Gd2c4,
Ge2e4]} Rc8 11. a4 (11. e4) 11... Qc7 12. Qb1 (12. a5 b5 13. c5 b4 $13) 12...
Rfd8 13. Rc1 Qb8 14. e3 Bb4 15. Ba3 Bxa3 16. Rxa3 $14) 10. Qc2 Rc8 11. Rad1 (
11. e4) (11. e4 c5 {[%cal Gc8c2]}) 11... Qc7 (11... b5) (11... c5) 12. e4 dxe4
13. Nxe4 (13. Ng5 $5) 13... Nxe4 14. Qxe4 c5 15. d5 Bf6 16. Qc2 exd5 (16...
Bxb2 $143 17. dxe6 $1 {Lengyel,L-Sliwa,B Rubinstein Memorial 04th 1966 (7) 1-0}
) 17. cxd5 Bxb2 18. Qxb2 Rcd8 19. d6 Qb8 20. Rfe1 Nf6 21. Re7 Nd5 (21... Rxd6
$5 22. Rxd6 Qxd6 23. Rxb7 Qd1+ 24. Bf1 Qxf3 $44 {Neistadt}) 22. Rxb7 {Kramer,
H-Fichtl,J Varna ol (Men) fin-A 1962 (1) 1-0}) 6. Bg2 Nbd7 (6... b5 7. Ne5 a6
8. a4 Bb7 9. O-O Nd5 (9... Qb6 10. e4 (10. Bg5)) 10. e4 Nxc3 11. bxc3 Nd7 12.
Bf4 Be7 13. Qg4 $44 {[%csl Rg7][%cal Gf4h6];Kortschnoj,V (2602)-Wang Yue (2704)
Amsterdam NH Hotels 3rd 2008 (9) 1/2}) 7. e4 (7. O-O Be7 8. e4 (8. a4) 8... O-O
9. a4 e5 $132 (9... b6 10. Qe2 a5 11. Rd1 Ba6 {Leon Hoyos,M (2569)-Milos,G 
(2593) Iberoamerican-ch fin-A 4th 2012 (5) 1-0})) (7. a4 Bb4) 7... Be7 (7...
Bb4 {Plus actif} 8. e5 (8. Qe2) (8. O-O $146 Bxc3 9. bxc3 Nxe4 10. Qc2 Ndf6 11.
Ba3 $44 {[%csl Re8][%cal Gf3e5,Gg2e4,Ge5c4]}) 8... Nd5) 8. O-O O-O 9. Bf4 (9.
a4 e5 $1 (9... b6 10. Qe2 Ba6 (10... a5) 11. Rd1 (11. b3 {[%cal Ge2a6]} Bb4 12.
Bb2 c5 13. bxc4 cxd4 14. Nxd4 Bxc3 15. Bxc3 Rc8 16. Nb5 Bxb5 17. axb5 {[%csl
Ra7]} Qc7 18. e5 Qxc4 19. Qxc4 Rxc4 20. exf6 Rxc3 21. fxg7 Kxg7 22. Rxa7 $11 {
Botvinnik}) 11... Re8 12. Bf4) (9... a5 {[%csl Gb4] La grande ligne} 10. Qe2 b6
{[%cal Gc8a6]} 11. Rd1 Ba6 12. Bf4 (12. d5 $13))) 9... Re8 (9... b5 {Le coup
naturel mais les Blancs ont des bonnes compensations avec la percée thématique
d5} 10. d5 $44 Qb6 11. dxc6 Nc5) 10. a4 Nf8 $6 $146 {[%csl Rf8] Début d'un
plan bizarre et trés passif} (10... a5 11. Re1 (11. Qc2 b6 12. Rfd1 Bf8 13. d5
$36 {Bacrot,E (2710)-Filippov,A (2606) FIDE World Cup 2011 (2.2) 1-0}) 11...
Nf8 (11... Bb4) 12. Qe2 Ng6 13. Bg5 e5 14. Bxf6 Bxf6 15. d5 Ne7 16. Nd2 b6 17.
Nxc4 Ba6 18. Rad1 cxd5 19. Nxd5 Nxd5 20. exd5 Bxc4 21. Qxc4 Rc8 22. Qe2 Qd6 23.
Rc1 Rc5 24. Rxc5 Qxc5 25. Qd2 Rd8 26. Rc1 {Sokolov,I (2669)-Harikrishna,P 
(2686)/Sarajevo 2009/1/2-1/2}) (10... b6 {[%cal Gc8a6,Gc8b7] Plus naturel mais
les Blancs peuvent exploiter la position active du Nc3} 11. d5 $1 {[%csl Gc3];
Shimanov,A (2535)-Potkin,V (2614) RUS Cup final 2009 (1.1) 1-0}) 11. a5 $44 {
[%csl Rb7,Rc4][%cal Gf3e5,Ge5c4]} Ng6 12. e5 $1 {Gagne de l'espace et
l'affaiblissement de la case "d5" ne permet néanmoins pas aux Noirs d'égaliser}
(12. Bg5) 12... Nd5 13. Bd2 c5 $5 {Souvent un coup libérateur dans la Catalane
malgré la perte de temps} 14. dxc5 Nxc3 (14... Bxc5 15. Ne4 Be7 16. Qa4 {
[%cal Ga4c4]} Bd7 17. Qxc4 Rc8) 15. Bxc3 $14 Bxc5 (15... Qxd1 $2 16. Rfxd1 $32
{[%csl Ra8,Rc8]}) 16. Nd2 $1 {[%csl Rb7,Gg2][%cal Gd2c4,Ga5a6] Les Noirs n'ont
pas réussi а terminer le développement de l'aile-dame qui va être sous
pression du Bg2} (16. h4 $5 {[%csl Rg6][%cal Gh4h5]} Qc7 17. h5 Nf8 18. Nd2 Bd7
(18... Rd8 19. Qe2 Bd7 20. Qxc4 Rac8 21. Qg4 $36 {[%csl Rg7,Rg8][%cal Gd2e4,
Ge4f6]}) 19. Nxc4 Bxf2+ 20. Rxf2 Qxc4 21. Qf3 {[%csl Rf7]}) 16... Qc7 17. Nxc4
Rd8 (17... Bxf2+ 18. Rxf2 Qxc4 19. a6 $1 $18 {[%cal Gg2a8]}) 18. Qf3 {[%csl
Ra8,Rb7][%cal Ga5a6] Remet une couche sur la diagonale mais Qe2 aurait gagné
un tempo sur la partie car les Noirs ne peuvent pas simplifier en jouant Bc6
attaquant la Qf3} (18. Qe2 $142 $1 {[%cal Ge2c4,Ge2e5]} Rb8 19. h4 Bd7 20. Nd6
$1 (20. h5 Bb5) 20... Bxd6 21. exd6 Qxd6 22. Rfd1 Qc7 (22... Qe7 23. h5 Nf8 24.
h6 $36 {[%csl Gc3]}) 23. h5 Nf8 24. Be5 {[%csl Rb8]}) 18... Rb8 19. h4 $1 {
[%csl Rg6][%cal Gh4h5] Les Blancs peuvent se permettre le luxe de jouer sur
tout l'échiquier!} (19. Rfd1 $5 Bd7 20. Nd6 {[%csl Gd6,Rf7]} Bc6 21. Qd3 Bxg2
22. Kxg2 Rd7 23. Rac1 Rbd8 24. Qb5 {[%cal Gd1d7]}) 19... Bd7 20. h5 Bc6 21. Qg4
Bxg2 22. Kxg2 Bd4 (22... Nf8 23. h6) (22... Ne7 {[%cal Ge7d5,Gd5c3]} 23. Rac1 (
23. Nd6 {[%cal Gc3g7]} Nd5 24. Rac1) 23... Nd5 24. h6 g6 25. Bd2 (25. Nd6 $1
Bxd6 26. exd6 Qc6 {[%cal Gc6g2,Gd5f4]} 27. Kg1 Nxc3 28. Rxc3 Qxd6 29. Rfc1)
25... Qc6 {[%cal Gc6g2]} 26. Qf3 Qd7 (26... Rbc8 27. Nd6) 27. b4 Be7 (27...
Bxb4 28. Bxb4 Nxb4 29. Qf6) 28. Rfd1 Qb5 29. Nd6 Bxd6 30. exd6 Rxd6 31. Bf4
Nxf4+ 32. Qxf4 e5 33. Qf3 Rxd1 34. Rxd1 Qxb4 35. Rd7 Qf8 36. Rxb7 Rxb7 37. Qxb7
Qxh6 38. Qxa7 $40 {[%csl Ga5,Rh6][%cal Ga5a6,Ga7b8]}) 23. hxg6 Qxc4 24. Qh4 $1
{[%cal Gf1h1] Un joli coup intermédiaire profitant de la double attaque} Qd5+ (
24... hxg6 25. Rh1 $40 f6 26. exf6 Kf7 {Un moindre mal et la position n'est
pas totalement claire.}) (24... fxg6 $2 25. Rad1 {[%csl Rd4,Rd8][%cal Gd1d8,
Gh4d8]}) 25. f3 Bxc3 26. Rad1 (26. Qxh7+ $143 $5 Kf8 27. Qh8+ Ke7 28. Qxg7 Bxe5
29. Qxf7+ Kd6 30. Rfd1 Bd4 31. Rac1 Rd7 (31... Rbc8 32. Rxc8 Rxc8 33. g7 e5 34.
Qf8+ $1) 32. Qf4+ e5 33. Qf6+ Qe6 34. Rxd4+ {Joli mais les Blancs n'ont qu'un
échec perpétuel} exd4 35. Qxd4+ Ke7 36. Qg7+ Kd6 37. Qd4+ Ke7) 26... Bd4 27.
Qxh7+ Kf8 28. Qh8+ Ke7 29. Qxg7 Kd7 30. Rc1 {[%csl Gc1,Rd7]} Qxe5 31. Qxf7+ Kd6
32. Rfe1 Qf6 33. Qc7+ Kd5 34. Qc4+ Kd6 35. Qc7+ Kd5 36. a6 e5 37. Qc4+ Kd6 38.
Qc7+ Kd5 39. axb7 Qb6 40. Qf7+ (40. Rxe5+ {Devait gagner plus vite} Bxe5 41.
Qc4+) 40... Kd6 41. Qf6+ (41. g7) 41... Kd5 42. Qf7+ Kd6 43. g7 Qxb7 44. Qg6+
Kd7 45. Rh1 e4 46. Qf7+ 1-0

[Event "EU-Cup 21st"]
[Site "Saint Vincent"]
[Date "2005.09.22"]
[Round "5.4"]
[White "Tkachiev, Vladislav"]
[Black "Filippov, Valery"]
[Result "1-0"]
[WhiteElo "2625"]
[BlackElo "2621"]
[Annotator "CB"]
[PlyCount "89"]
[EventDate "2005.09.18"]
[EventType "team-swiss"]
[EventRounds "7"]
[EventCountry "ITA"]
[SourceTitle "CBM 110"]
[Source "ChessBase"]
[SourceDate "2006.01.31"]
[SourceVersion "1"]
[SourceVersionDate "2006.01.31"]
[SourceQuality "1"]
[WhiteTeam "Tomsk 400"]
[BlackTeam "Kazan Ladya"]
[WhiteTeamCountry "RUS"]
[BlackTeamCountry "RUS"]

1. d4 Nf6 2. c4 e6 3. Nf3 d5 4. g3 c6 {This move leads to so called "closed"
variation of the Catalan opening.} 5. Bg2 Nbd7 6. O-O {Usually White puts his
queen on c2 either immediately or in next two moves, but this time we shall
see an old developing method which was popular in fiftie's and sixtie's.} Be7
7. b3 O-O 8. Nbd2 b6 9. Bb2 Bb7 10. Rc1 c5 ({Two months ago Fillipov played} 
10... Rc8 {and lost quickly after} 11. e3 c5 12. Qe2 Rc7 13. cxd5 Nxd5 14. e4
N5f6 15. e5 Nd5 16. Nc4 Qc8 17. Qd2 Rd8 18. Nd6 Bxd6 19. exd6 Rc6 20. dxc5 Nxc5
21. Bxg7 $1 Ne4 {Accepting the sacrifice was a bit better, but wouldn't change
the final result.} (21... Kxg7 22. Qg5+ Kf8 (22... Kh8 23. Ne5 Rd7 24. Nxc6
Bxc6 25. Bxd5 exd5 26. Qe5+ Kg8 27. b4 Ne4 28. b5) 23. Qh6+ Ke8 24. Ne5 Rcxd6
25. Qxh7 R8d7 26. b4 Nxb4 27. Nxd7 Rxd7 28. Qh8+ Ke7 29. Qh4+) 22. Qh6 Rxc1 23.
Rxc1 Qxc1+ 24. Qxc1 Kxg7 25. Nd4 Rc8 26. Qa1 Ndf6 27. Nb5 Rc2 28. d7 Rd2 29.
Nd4 {1-0 Dizdar,G-Filippov,V/Warsaw (Poland) 2005}) 11. cxd5 Bxd5 12. e3 {
With this move we enter in a rather unexplored territory with no relevant
games in our database.} Ne4 (12... Rc8 {looks even more to the point.}) 13.
Nxe4 Bxe4 14. Qe2 Qb8 {With the idea to put the queen on b7 and bring the
rooks on c and d lines. In this way all Black's problems would have been
solved.} 15. Bh3 $5 Bf6 ({Now if} 15... Qb7 {then} 16. Nd2 Bc6 17. dxc5 Nxc5
18. b4 Na4 (18... Ne4 19. Nxe4 Bxe4 20. Qg4 g6 21. Qf4) 19. Bxg7 $1 Kxg7 20. b5
Bd5 21. Qg4+ Kh8 22. Qxa4 {and White won back his temporarily sacrificed
material with some interests.}) 16. Ba3 $5 {It is interesting how White puts
his bishops on the edge of the board in order to avoid exchanges which would
facilitate Black's task.} Qb7 ({It was better to wait still a little bit with
this move and to play} 16... Rd8 17. Rfd1 Qb7 18. Nd2 Bc6 {and now if} 19. dxc5
{then} Ne5) 17. Nd2 Bc6 18. b4 $1 cxb4 (18... cxd4 19. b5) 19. Bxb4 Rfd8 20.
Nc4 Bf3 21. Qb2 {Diagram #} Nc5 $2 {In the moment when he solved all his
opening problems and due to the awkward position of Bh3 he could even count on
some edge, Black commits a serious error.} (21... a5 {was the most accurate
move.}) 22. Bxc5 bxc5 23. Qxb7 Bxb7 24. dxc5 {Now Black is just pawn down. The
rest is just a matter of technique.} Be7 25. Na5 Ba6 26. Rfe1 Rac8 27. Nb3 Kf8
28. Bf1 Bxf1 29. Kxf1 Rc6 30. Rc4 Ra6 31. Re2 Ke8 32. Nd4 Rc8 33. Rec2 Ra5 34.
c6 g6 35. a4 a6 36. e4 {Restraining even more the black rook.} Re5 37. Nf3 Ra5
38. Nd2 Rh5 39. Kg2 g5 {It is hard to understand such move, but it was
probably made in time trouble.} 40. h3 Rh6 41. e5 {Now the rook is definitely
out of play and the end is close.} f6 42. Ne4 fxe5 43. Rb2 Rg6 44. Rb6 a5 45.
Ra6 {With some more pawns to drop Black gave up.} 1-0

[Event "Haninge"]
[Site "Haninge"]
[Date "1989.??.??"]
[Round "?"]
[White "Polugaevsky, Lev"]
[Black "Wedberg, Tom Birger"]
[Result "1-0"]
[WhiteElo "2575"]
[BlackElo "2510"]
[Annotator "ChessBase"]
[PlyCount "109"]
[EventDate "1989.??.??"]
[EventType "tourn"]
[EventRounds "11"]
[EventCountry "SWE"]
[EventCategory "13"]
[SourceTitle "CBM 013"]
[Source "ChessBase"]
[SourceDate "1989.12.01"]
[SourceVersion "1"]
[SourceVersionDate "1989.12.01"]
[SourceQuality "1"]

1. d4 Nf6 2. c4 e6 3. Nf3 d5 4. Nc3 Be7 5. g3 O-O 6. Bg2 c6 7. O-O Nbd7 8. b3
b6 9. Bb2 Ba6 10. Qd3 c5 11. Rfd1 Rc8 12. Nb5 Bxb5 13. cxb5 Ne4 14. Ne5 Nxe5
15. dxe5 f5 (15... Qe8 16. Bxe4 dxe4 17. Qd7 $1 $14) 16. exf6 Bxf6 17. Bxe4
Bxb2 18. Bxh7+ Kh8 19. Rab1 Qf6 20. Rf1 Ba3 $2 (20... c4 21. bxc4 Rxc4 $1 $13)
21. Bg6 e5 22. Bh5 Qg5 23. Qg6 Qxg6 24. Bxg6 c4 25. bxc4 dxc4 26. Rfd1 Rf6 27.
Bc2 Bc5 28. e3 Rcf8 29. Rd2 c3 30. Re2 Ba3 31. Rd1 Rd6 32. Rxd6 Bxd6 33. Re1 g5
34. Rd1 Rf6 35. Kf1 Kg7 36. Rd3 Bb4 37. Ke2 Rf7 38. a3 Bxa3 39. Rxc3 Bc5 40.
Rd3 Kf6 41. Rd1 Rc7 42. Be4 Be7 43. Ra1 Bb4 44. Ra4 Be7 45. Bc6 Bd6 46. h4 gxh4
47. Rxh4 a5 48. bxa6 $3 Rxc6 49. Rh6+ Kf5 (49... Ke7 50. Rh8 Rc2+ 51. Kf3 Ra2
52. a7 $18) 50. a7 Rc2+ 51. Kf3 e4+ 52. Kg2 Ra2 53. Rxd6 Rxa7 54. Rxb6 Rg7 55.
Rh6 1-0

[Event "Olympiad-31"]
[Site "Moscow"]
[Date "1994.12.06"]
[Round "6.1"]
[White "Kortschnoj, Viktor Lvovich"]
[Black "Nogueiras Santiago, Jesus"]
[Result "1-0"]
[WhiteElo "2615"]
[BlackElo "2530"]
[Annotator "Dolmatov,S"]
[PlyCount "65"]
[EventDate "1994.12.01"]
[EventType "team-swiss"]
[EventRounds "14"]
[EventCountry "RUS"]
[SourceTitle "CBM 045"]
[Source "ChessBase"]
[SourceDate "1995.04.01"]
[SourceVersion "1"]
[SourceVersionDate "1995.04.01"]
[SourceQuality "1"]
[WhiteTeam "Switzerland"]
[BlackTeam "Cuba"]
[WhiteTeamCountry "SUI"]
[BlackTeamCountry "CUB"]

1. d4 {Kortschnoj} d5 2. c4 e6 3. Nf3 Nf6 4. Nc3 c6 5. g3 Be7 (5... Nbd7 {
Kortschnoj} 6. Bg2 dxc4 7. O-O) 6. Bg2 O-O 7. O-O Nbd7 8. b3 b6 9. Bb2 Ba6 10.
a4 $5 {Kortschnoj} (10. Nd2 Rc8 (10... b5 $13 {Kortschnoj}) 11. e4 dxe4 12.
Ndxe4 Nxe4 13. Nxe4 Nf6 $10) 10... dxc4 (10... Rc8 11. Nd2 Bb7 12. e4 dxe4 13.
Ndxe4 Nxe4 14. Nxe4 Nf6 15. a5 $14 {Kortschnoj,V-Huebner,R/Tilburg/1985/}) 11.
bxc4 Bxc4 12. Nd2 Ba6 (12... Bd5 $2 13. e4 $18) 13. Bxc6 Rc8 14. Bg2 $14 Nb8
15. Nb5 Qd7 16. Qb1 (16. Qb3 $5 Nc6 17. Nf3 Na5 18. Qd3 Nc4 19. Ne5 $1 Nxb2 (
19... Nxe5 20. dxe5 Qxd3 21. exd3 $14) 20. Qb3 Qe8 21. Qxb2 $14) 16... Bxb5 (
16... Nc6 17. Nf3 Rfd8 18. Rd1 $14) 17. axb5 Qxb5 18. Rxa7 Qxe2 $2 (18... Nbd7
19. e3 $14) 19. Bc1 $1 Nc6 (19... Bd6 20. Bf3 $18) (19... Nbd7 20. Bf3 Rxc1 21.
Bxe2 Rxb1 22. Rxb1 $16) 20. Bxc6 Rxc6 21. Rxe7 Rfc8 $16 22. Ra7 h5 23. Nb3 (23.
Ra3 $6 Ng4 $40) 23... h4 $2 (23... Rc2 $5 24. Ba3 (24. Bf4 $2 Rb2) (24. d5 $2
Nxd5 25. Nd4 $2 Qxf1+ 26. Kxf1 Rxc1+ $19) (24. Bd2 Ne4 $1 {~/= Kortschnoj} (
24... Rxd2 25. Nxd2 Qxd2 26. Qxb6 $16) 25. Qd1 (25. Ra8 $2 Nxd2) 25... Qxd1 26.
Rxd1 Rb2 27. Ra3 Rcc2 $44) 24... h4 25. Qd1 Qe4 $14) 24. Bf4 Nd5 25. Re1 $16
Qg4 26. Qd1 (26. Bd2 $5 Nc3 27. Qd3) 26... Qxd1 27. Rxd1 Rc3 $16 28. Rb1 Rd3
29. Ra2 Rcc3 30. Rab2 h3 31. Kf1 Nxf4 32. gxf4 Rf3 33. Ke1 $18 1-0

[Event "Sinquefield Cup 6th"]
[Site "Saint Louis"]
[Date "2018.08.26"]
[Round "8"]
[White "Nakamura, Hikaru"]
[Black "Karjakin, Sergey"]
[Result "1/2-1/2"]
[WhiteElo "2777"]
[BlackElo "2773"]
[Annotator "Fernandez,D"]
[PlyCount "83"]
[EventDate "2018.08.18"]
[EventType "tourn"]
[EventRounds "9"]
[EventCountry "USA"]
[EventCategory "22"]
[SourceTitle "CBM 186"]
[Source "ChessBase"]
[SourceDate "2018.09.14"]
[SourceVersion "1"]
[SourceVersionDate "2018.09.14"]
[SourceQuality "1"]

1. d4 Nf6 2. c4 e6 3. Nf3 d5 4. g3 Bb4+ 5. Bd2 Be7 6. Bg2 O-O 7. O-O Nbd7 (7...
c6 $5 {is the main move, and probably a more accurate move order. It strongly
discourages White from playing Nc3, and thus keeps the option of playing ...
Ne4/...f5 as a serious one. One recent test went} 8. a4 $5 (8. Nc3 dxc4 9. e4 (
9. a4 Na6 $132 {Li,C-Akash,G Manila 2013}) 9... b5 $1) 8... a5 9. Bc3 b6 10.
Nbd2 Na6 11. Ne5 Bb7 12. e4 Nb4 $1 $132 {Fedoseev,V-Gelfand,B Moscow 2018.
Somehow, Black won in another 15 moves.}) 8. Nc3 c6 (8... dxc4 {is possible
here too, but after} 9. e4 c5 10. Bf4 Nb6 11. a4 $14 {Nakamura,H-Adams,M Baku
2015; Black is suffering.}) 9. Bf4 dxc4 10. e4 Re8 (10... b5 {is principled,
but now} 11. d5 {is highly forcing and difficult to work out.} Qb6 $1 (11... e5
$5 12. Nxe5 Nxe5 13. Bxe5 Ng4 14. Bf4 g5 15. Bd2 b4 16. Na4 Ne5 $13) (11...
cxd5 12. exd5 Qb6 13. dxe6 fxe6 14. Nd4 $14) 12. dxc6 (12. Be3 Bc5 13. dxc6
Qxc6 14. e5 Nd5 15. Nd4 Qa6 $5 16. a4 $2 Nxe3 17. fxe3 b4 $15 {Matlakov,
M-Grandelius,N Doha 2015}) 12... Nc5 $13 {My feeling is Black should be okay,
but homework is more important than the precise evaluation in such positions.
This particular one has been reached a significant number of times, the most
notable example being:} 13. e5 Nd5 14. Bg5 Rd8 $6 (14... Bxg5 15. Nxg5 Nd3 16.
Nxd5 exd5 17. Bxd5 Bf5 $11) 15. Qc2 (15. Nxb5 $1 $14 {is a very strange decoy
tactic}) 15... Bxg5 16. Nxg5 Nd3 $15 {Adhiban,B-So,W Mashhad 2011}) 11. a4 b6 (
11... a5 {is also playable; however, one weakness of having played ...Nbd7 is
that the knight can no longer easily reach b4.}) 12. d5 {Fully thematic and
undoubtedly still preparation, as the position was already known to elite
praxis (see next note.)} exd5 13. exd5 (13. e5 $6 {This move is insanely
ambitious.} Ne4 (13... Nc5 $5 14. exf6 Bxf6 $17) 14. Nxd5 cxd5 15. Qxd5 Bb7 $1
16. Qxb7 Ndc5 17. Qc6 Rc8 18. Qb5 Nd3 $17 {Jakovenko,D-Riazantsev, A France
2010}) 13... Bb7 $1 14. a5 bxa5 (14... a6 $5 {This very unstereotyped move
threatens ...b5, so White had best have a concrete intention in mind.} 15. d6 (
15. Ng5 cxd5 16. Nxd5 Nc5 $1 $11) 15... Bf8 16. Nd4 Rc8 17. axb6 Qxb6 18. Nf5
$13 {White's position looks easier to play, but assuming Black can get away
with ...c5, this does not translate into an actual advantage.}) 15. d6 Bf8 16.
Nd2 Nd5 $6 {Safe, but acquiescent.} (16... Nb6 {is most natural,
counter-attacking the d6-pawn. There is however, one move of which it makes
sense to be afraid.} 17. Nde4 Nfd5 {and now there is a reasonably pleasant
choice for White.} 18. Nc5 $5 {This looks like positional suicide, but Black
is too passive to take advantage of it.} (18. Bg5 $5 Qb8 19. Rxa5 Bxd6 20. Nxd5
cxd5 21. Nf6+ {is also plausible, with an attack for White.}) 18... Nxf4 19.
gxf4 Qb8 20. N3e4 Nd5 21. Qg4 $13) (16... Rc8 $1 {This machine-precise move is
the only way, it seems, to equalise reliably.} 17. Nxc4 Ba6 18. b3 Nc5 $11) 17.
Nxd5 cxd5 18. Nxc4 $14 {Now White takes the bishop pair.} dxc4 19. Bxb7 Rb8 20.
Bd5 Ne5 $1 {A practically strong move in a difficult position. Now, to
preserve his objective advantage, White must enter a strange type of position.}
({If Black could take with} 20... Rxb2 {then things might be going better for
him, but after} 21. Bxc4 {there is no} Ne5 $4 {due to} 22. Bxe5 Rxe5 23. Qd4
$18) 21. d7 $6 (21. Bxf7+ $1 Nxf7 22. d7 Re6 23. Bxb8 Qxb8 24. Rxa5 $14 {
Black is in big trouble, but it requires considerable patience and technique
to tease out the practical problems from under the surface.} (24. Qg4 $5 $14
Rd6 25. Rfd1 {is similar.})) 21... Qxd7 22. Rxa5 Rbd8 $1 {An accurate move.
Now White's advantage is gone.} 23. Bxe5 Bb4 24. Ra4 a5 $11 {White now has to
agree to the liquidations, after which there is nothing left to do but play
out the requisite number of moves, or else repeat.} 25. Bc3 Bxc3 26. bxc3 Qxd5
27. Qxd5 Rxd5 28. Rxc4 Ra8 29. Ra1 Kf8 30. Raa4 Ra7 31. Rc8+ Ke7 32. c4 Re5 33.
h4 Kd6 34. Kg2 h5 35. Rd8+ Ke7 36. Rc8 g6 37. Rb8 Kd6 38. Rb6+ Kc5 39. Rb5+ Kd6
40. Rb6+ Kc5 41. Rb5+ Kd6 42. Rb6+ {A fighting draw, even if it might not
superficially seem that way.} 1/2-1/2